| 000 | 01310cam a2200433 4500 | ||
|---|---|---|---|
| 001 | 176951 | ||
| 003 | ItRFAO | ||
| 008 | 930101t1975 xxu||||| ||| 00| 0 d | ||
| 040 |
_aItRFAO _dItRFAO |
||
| 041 | 0 | _achi | |
| 084 |
_a631.5 F736 _9116352 |
||
| 546 | _aChinese | ||
| 110 |
_aFood Storage and Transport Corp., Shanghai (China) _leng _91135 |
||
| 242 | 0 | 0 | _aFood storage - (Edited by School of Food Science) |
| 245 | 0 | 0 | _a粮食保管 |
| 260 |
_aShanghai (China) _bPeoples' Pub. House _c1975 |
||
| 300 | _a313 p. | ||
| 336 | _2ItRFAO | ||
| 338 |
_2ItRFAO _aBooks |
||
| 520 | _aDiagrs., illus., tables | ||
| 650 | 1 | 7 |
_2agrovoc _aPEST CONTROL _91136 |
| 650 | 1 | 7 |
_2agrovoc _aPEST INSECTS _91137 |
| 650 | 1 | 7 |
_2agrovoc _aRODENTS _91138 |
| 650 | 1 | 7 |
_2agrovoc _aSTORAGE _91139 |
| 650 | 1 | 7 |
_2agrovocf _aLUTTE ANTIRAVAGEUR _91140 |
| 650 | 1 | 7 |
_2agrovocf _aINSECTE NUISIBLE _91141 |
| 650 | 1 | 7 |
_2agrovocf _aRONGEUR _91142 |
| 650 | 1 | 7 |
_2agrovocf _aSTOCKAGE _91143 |
| 650 | 1 | 7 |
_2agrovocs _aCONTROL DE PLAGAS _91144 |
| 650 | 1 | 7 |
_2agrovocs _aINSECTOS DANINOS _91145 |
| 650 | 1 | 7 |
_2agrovocs _aROEDORES _91146 |
| 650 | 1 | 7 |
_2agrovocs _aALMACENAMIENTO _91147 |
| 651 | 7 |
_2agrovoc _aCHINA |
|
| 651 | 7 |
_2agrovocf _aCHINE |
|
| 651 | 7 |
_2agrovocs _aCHINA |
|
| 919 | _aLibrary material | ||
| 942 |
_n0 _cMX |
||
| 999 |
_c237 _d237 |
||